State-Oriented Business Process Modeling: Principles, Theory and Practice

Gorde:
Xehetasun bibliografikoak
Egile nagusia: Bider, Ilia (Egilea)
Formatua: Liburua
Hizkuntza:ingelesa
Argitaratua: Berlín VDM 2009
Gaiak:
Etiketak: Etiketa erantsi
Etiketarik gabe, Izan zaitez lehena erregistro honi etiketa jartzen!

MARC

LEADER 00000nam a2200000 a 4500
001 UCH7427
003 CL-VaPUC
008 091112e20090000GW |||||||||||||||||eng|d
020 |a 9783639164985 
082 0 4 |a 658.406  |b BID  |2 21 
100 0 |a Bider, Ilia  |e author  |9 543857 
245 1 0 |a State-Oriented Business Process Modeling: Principles, Theory and Practice 
300 |a 122 p 
942 |c BK 
945 |d 20091112 00:00:00  |a dcastane 
260 |a Berlín  |b VDM  |c 2009 
650 0 |a Cambio organizacional   |9 260741 
650 0 |a Gestión de la información   |9 362327 
650 0 |a Planificación estratégica   |9 259735 
650 0 |a Administración de empresas   |9 260833 
583 |a last modification  |c 20091112 00:00:00  |k Rodrigo Vera 
999 |c 338024  |d 338022 
952 |0 0  |1 0  |4 0  |6 658_406000000000000_BID_2009  |7 0  |8 A  |9 430810  |a BIBING  |b BIBING  |d 2019-11-22  |i 4617878  |o 658.406 BID 2009  |p 4617878  |r 2025-01-20  |w 2019-11-22  |y BK  |k EII